[Event "Reykjavik Open 2018"]
[Site "Reykjavik ISL"]
[Date "2018.03.07"]
[Round "3.43"]
[White "Soham, Das"]
[Black "Runarsson, Gunnar"]
[Result "1-0"]
[WhiteElo "2275"]
[BlackElo "1993"]
[WhiteFideId "35026763"]
[BlackFideId "2301768"]
[EventDate "2018.03.06"]

1. e4 e5 2. Nf3 Nc6 3. Bc4 Bc5 4. c3 Nf6 5. d3 h6 6. O-O O-O 7. h3 d6 8. Nbd2
Be6 9. Bb5 a6 10. Ba4 b5 11. Bc2 d5 12. exd5 Qxd5 13. Re1 Rfe8 14. Nf1 Rad8 15.
Ng3 Qd7 16. Nxe5 Nxe5 17. Rxe5 Bd6 18. Re3 Bd5 19. Bd2 Qc6 20. Qf1 b4 21. Nf5
bxc3 22. Bxc3 Bf4 23. Ne7+ Rxe7 24. Rxe7 Be6 25. Bb3 Nd5 26. Bxd5 Rxd5 27. Re1
Rg5 28. R7xe6 fxe6 29. Re4 e5 30. g3 Rg6 31. Qe2 Qe6 32. Kh2 Bg5 33. Rxe5 Qxa2
34. h4 Bf6 35. Re8+ Kf7 36. h5 Rg5 37. Bxf6 Kxf6 38. Qe7+ Kf5 39. Rf8+ Kg4 40.
Qe2# 1-0

[Event "Reykjavik Open 2018"]
[Site "Reykjavik ISL"]
[Date "2018.03.07"]
[Round "3.44"]
[White "Larson, Gerald"]
[Black "Navalgund, Niranjan"]
[Result "0-1"]
[WhiteElo "2065"]
[BlackElo "2275"]
[WhiteFideId "2018756"]
[BlackFideId "5030854"]
[EventDate "2018.03.06"]

1. c4 e5 2. g3 f5 3. d4 e4 4. Bg2 Nf6 5. Nh3 Bb4+ 6. Bd2 Bxd2+ 7. Qxd2 O-O 8.
O-O d5 9. cxd5 Nxd5 10. Nc3 Nc6 11. Nxd5 Qxd5 12. e3 Qd6 13. Qc3 Nb4 14. f3 exf3
15. Bxf3 c6 16. Nf4 g5 17. Nd3 Nxd3 18. Qxd3 Be6 19. e4 Rad8 20. Rad1 fxe4 21.
Bxe4 Rxf1+ 22. Qxf1 Kg7 23. Bc2 Rf8 24. Qe2 Bf5 25. Bb3 Bg6 26. Qe3 Qf6 27. Bc4
Re8 28. Qd2 b5 29. Bf1 Rd8 30. Bg2 Bh5 31. Rf1 Qxd4+ 32. Qxd4+ Rxd4 33. Bxc6 b4
34. Rf5 Rc4 35. Bb5 Rc1+ 36. Rf1 Rc5 37. Bd3 Rd5 38. Bc4 Rd4 39. Bb3 h6 40. h3
Rd7 41. Kg2 Re7 42. Rf2 Bg6 43. Rd2 a5 44. Kf2 Ra7 45. Rd4 Ra6 46. Ke3 Kf6 47.
h4 Be8 48. hxg5+ hxg5 49. Rd8 Bg6 50. Rd4 Bb1 51. Rd1 Bf5 52. Rd4 Rc6 53. Rd8
Ra6 54. Rd4 Rc6 55. Rd8 Bb1 56. Rd1 Bg6 57. Rd8 Bc2 58. Bd5 Rc7 59. Kd4 Kf5 60.
Bf3 a4 61. Rd5+ Kf6 62. Rc5 Rd7+ 63. Rd5 Re7 64. Rd6+ Kg7 65. Rd5 Kf6 66. Rd6+
Kf7 67. Rd5 g4 68. Bg2 Re2 69. Bf1 Re4+ 70. Kc5 Bb1 71. Bc4 Rxc4+ 72. Kxc4 Bxa2+ 0-1

[Event "Reykjavik Open 2018"]
[Site "Reykjavik ISL"]
[Date "2018.03.07"]
[Round "3.45"]
[White "Thorsteinsdottir, Hallgerdur"]
[Black "Kucuksari, Kaan"]
[Result "0-1"]
[WhiteTitle "WFM"]
[BlackTitle "FM"]
[WhiteElo "2041"]
[BlackElo "2271"]
[WhiteFideId "2302454"]
[BlackFideId "6380166"]
[EventDate "2018.03.06"]

1. e4 c5 2. Nf3 e6 3. g3 Nc6 4. Bg2 Nf6 5. d3 d6 6. Nbd2 Be7 7. c3 e5 8. Nc4 O-O
9. O-O Re8 10. h4 h6 11. Ne3 Bf8 12. Nh2 g6 13. f4 Nh5 14. Nd5 Nxg3 15. Rf2 Bg7
16. Qf3 Qxh4 17. Nc7 Bd7 18. Nxa8 Rxa8 19. Bd2 Rf8 20. Nf1 Nh5 21. f5 Ne7 22.
Bh3 Bc6 23. Rh2 Nf4 24. Bg4 Qg5 25. Bxf4 exf4 26. Rg2 Nxf5 27. Bh3 Nh4 0-1

[Event "Reykjavik Open 2018"]
[Site "Reykjavik ISL"]
[Date "2018.03.07"]
[Round "3.46"]
[White "Arnarsson, Hrannar"]
[Black "Roe, Simon J"]
[Result "0-1"]
[WhiteElo "2029"]
[BlackElo "2221"]
[WhiteFideId "2301121"]
[BlackFideId "401471"]
[EventDate "2018.03.06"]

1. e4 c6 2. d4 d5 3. exd5 cxd5 4. Nf3 Nc6 5. Be2 Nf6 6. O-O Bg4 7. c3 e6 8. Be3
Bd6 9. Nbd2 O-O 10. h3 Bh5 11. Nh4 Bxe2 12. Qxe2 Rc8 13. Nhf3 Re8 14. Bg5 h6 15.
Bh4 a6 16. Ne5 Be7 17. Rfe1 Nxe5 18. dxe5 Nd7 19. Bxe7 Qxe7 20. Rac1 Nc5 21. c4
Rcd8 22. b4 Nd7 23. a3 Nb8 24. c5 Nc6 25. Nb3 f6 26. f4 fxe5 27. fxe5 Rf8 28.
Qg4 Rf5 29. Nd4 Nxd4 30. Qxd4 Rdf8 31. Rf1 Qg5 32. a4 Rxf1+ 33. Rxf1 Rxf1+ 34.
Kxf1 Qc1+ 35. Kf2 Qc2+ 36. Kg3 Qxa4 37. Qh4 Qd7 38. Kf3 Qf7+ 39. Ke3 Qf8 40. Qh5
Kh7 41. h4 Qf1 42. Qe8 Qe1+ 43. Kd3 Qxe5 44. h5 Qe4+ 45. Kd2 Qxb4+ 46. Kd1 Qd4+
47. Ke1 Qe4+ 48. Kd1 d4 0-1

[Event "Reykjavik Open 2018"]
[Site "Reykjavik ISL"]
[Date "2018.03.07"]
[Round "3.48"]
[White "De Winter, Eric"]
[Black "Johannsson, Orn Leo"]
[Result "0-1"]
[WhiteElo "1775"]
[BlackElo "2206"]
[WhiteFideId "1033069"]
[BlackFideId "2303051"]
[EventDate "2018.03.06"]

1. Nf3 d6 2. d4 g6 3. g3 Bg7 4. Bg2 Nf6 5. O-O Nbd7 6. c4 O-O 7. Nc3 c5 8. e4
Qc7 9. d5 a6 10. Rb1 b5 11. cxb5 axb5 12. Nxb5 Qb6 13. Nc3 Ng4 14. Bd2 Ba6 15.
Re1 Bd3 16. Rc1 c4 17. Be3 Nxe3 18. Rxe3 Qxb2 19. Qd2 Rfb8 20. Qxb2 Rxb2 21. Ne1
Bxc3 22. Rxc3 Raxa2 23. Nxd3 cxd3 0-1

[Event "Reykjavik Open 2018"]
[Site "Reykjavik ISL"]
[Date "2018.03.07"]
[Round "3.49"]
[White "Loew, Gerald"]
[Black "Ragnarsson, Johann"]
[Result "1-0"]
[WhiteTitle "FM"]
[WhiteElo "2204"]
[BlackElo "1985"]
[WhiteFideId "4615875"]
[BlackFideId "2301040"]
[EventDate "2018.03.06"]

1. c4 Nf6 2. g3 e6 3. Bg2 d5 4. Nf3 c6 5. Qc2 Bd6 6. d4 dxc4 7. Qxc4 Nbd7 8. O-O
O-O 9. Rd1 Qc7 10. Nbd2 b5 11. Qd3 Bb7 12. Ng5 Rfd8 13. Nde4 Be7 14. Nxf7 Kxf7
15. Ng5+ Kg8 16. Nxe6 Qb6 17. Nxd8 Rxd8 18. Qb3+ Kh8 19. Qf7 Bb4 20. Bf4 Rf8 21.
Qb3 a5 22. a3 Be7 23. e4 c5 24. a4 b4 25. d5 Ng4 26. Rd2 c4 27. Qxc4 Bc5 28. Qb5
Bxf2+ 29. Kh1 Qxb5 30. axb5 Bb6 31. h3 Nge5 32. Rc1 h6 33. h4 g5 34. hxg5 hxg5
35. Bxg5 Kg7 36. Bh3 Nf3 37. Bxd7 Nxg5 38. Bf5 Nf3 39. Rdc2 Nd4 40. Rc7+ Bxc7
41. Rxc7+ Rf7 42. Bd7 a4 43. Rc4 a3 44. bxa3 b3 45. Rxd4 b2 46. Rb4 Rf1+ 47. Kg2
b1=Q 48. Rxb1 Rxb1 49. Bc6 Bxc6 50. bxc6 Kf6 51. c7 Rc1 52. d6 Ke6 53. e5 Rc6
54. Kh3 Rc4 55. g4 Kd7 56. g5 Re4 57. g6 Rxe5 58. Kg4 Rd5 59. g7 Rd1 60. c8=Q+ 1-0

[Event "Reykjavik Open 2018"]
[Site "Reykjavik ISL"]
[Date "2018.03.07"]
[Round "3.51"]
[White "Giacomini, Hector"]
[Black "Johannsson, Birkir Isak"]
[Result "1/2-1/2"]
[WhiteElo "2193"]
[BlackElo "1867"]
[WhiteFideId "605352"]
[BlackFideId "2314673"]
[EventDate "2018.03.06"]

1. Nf3 d5 2. e3 Nf6 3. c4 e6 4. Nc3 c6 5. d4 Nbd7 6. b3 Bb4 7. Bd2 Qe7 8. Be2
O-O 9. O-O b6 10. Qc2 Bb7 11. Rfd1 Rfd8 12. Bd3 h6 13. e4 dxe4 14. Nxe4 Bxd2 15.
Rxd2 Nxe4 16. Bxe4 Nf6 17. Rad1 Nxe4 18. Qxe4 c5 19. d5 Qd6 20. Qe5 exd5 21.
cxd5 Rd7 22. Qh5 Re8 23. h3 Qg6 24. Qxg6 fxg6 25. g4 Red8 26. Ne5 Rxd5 27. Rxd5
Rxd5 28. Rxd5 Bxd5 29. Nxg6 Be4 30. Ne5 Bb1 31. a3 Ba2 32. b4 cxb4 33. axb4 a5
34. bxa5 bxa5 35. Kf1 Kf8 36. Ke2 Bd5 37. Kd3 Ke7 38. Kd4 Ke6 39. f4 a4 40. h4
a3 41. Kc3 h5 42. gxh5 Kf5 43. Ng6 Kg4 44. Ne7 Be6 45. f5 a2 46. Kb2 Bxf5 47. h6
gxh6 48. Ng8 h5 49. Nf6+ Kxh4 50. Nxh5 1/2-1/2

[Event "Reykjavik Open 2018"]
[Site "Reykjavik ISL"]
[Date "2018.03.07"]
[Round "3.52"]
[White "Green, Per"]
[Black "Shailesh, Dravid"]
[Result "0-1"]
[BlackTitle "FM"]
[WhiteElo "1961"]
[BlackElo "2246"]
[WhiteFideId "1703811"]
[BlackFideId "25017969"]
[EventDate "2018.03.06"]

1. Nf3 Nf6 2. c4 g6 3. Nc3 Bg7 4. e4 d6 5. d4 O-O 6. h3 Na6 7. Bg5 Qe8 8. g4 c5
9. d5 e6 10. Be2 exd5 11. exd5 Ne4 12. Nxe4 Qxe4 13. Qd2 Re8 14. Be3 f5 15. Rg1
f4 16. Ng5 fxe3 17. Nxe4 exd2+ 18. Nxd2 0-1

[Event "Reykjavik Open 2018"]
[Site "Reykjavik ISL"]
[Date "2018.03.07"]
[Round "3.53"]
[White "Ragnarsson, Dagur"]
[Black "Murray, Michael A."]
[Result "1-0"]
[WhiteTitle "FM"]
[WhiteElo "2236"]
[BlackElo "1975"]
[WhiteFideId "2304058"]
[BlackFideId "2609126"]
[EventDate "2018.03.06"]

1. d4 Nc6 2. d5 Ne5 3. e4 e6 4. dxe6 fxe6 5. Nc3 b6 6. Nf3 Nxf3+ 7. Qxf3 Qf6 8.
Qg3 d6 9. Bd2 Bb7 10. O-O-O Be7 11. f4 O-O-O 12. Bd3 Kb8 13. Rde1 Nh6 14. e5 Qf7
15. exd6 Bxd6 16. Rhf1 Nf5 17. Qh3 h5 18. Ne4 Be7 19. g3 g6 20. Bc3 Rhe8 21. Rg1
e5 22. Kb1 exf4 23. gxf4 Bc5 24. Nxc5 bxc5 25. Be5 c4 26. Be4 Bxe4 27. Rxe4 Qd5
28. Ree1 Nd4 29. Ref1 Ne2 30. Rh1 Qd2 31. Qa3 Rd5 32. Qa4 Red8 33. a3 c3 34. Ka2
cxb2 35. Qc6 Nd4 36. Qxc7+ Ka8 37. Bxd4 Qxd4 38. Qc6+ Kb8 39. Rf3 a6 40. Qxa6
Kc7 41. Rb3 Rb8 42. Rxb8 Kxb8 43. Rb1 Rd6 44. Qb5+ Rb6 45. Qe5+ Qxe5 46. fxe5
Re6 47. Re1 g5 48. Kxb2 g4 49. Kc3 Kc7 50. Kd4 Kd7 51. Rf1 Ra6 52. Rf7+ Ke8 53.
Rh7 Rxa3 54. Rxh5 g3 55. hxg3 Rxg3 56. Rh7 Rg6 57. c4 Kd8 58. Kd5 Ke8 59. c5 Kd8
60. c6 Kc8 61. e6 Rg1 62. e7 Rd1+ 63. Ke6 Re1+ 64. Kf7 Rf1+ 65. Kg8 Re1 66. Kf8 1-0

[Event "Reykjavik Open 2018"]
[Site "Reykjavik ISL"]
[Date "2018.03.07"]
[Round "3.54"]
[White "Sikkel, Dirk"]
[Black "Edvardsson, Kristjan"]
[Result "1-0"]
[WhiteElo "1937"]
[BlackElo "2217"]
[WhiteFideId "1050079"]
[BlackFideId "2300893"]
[EventDate "2018.03.06"]

1. e4 c6 2. d4 d5 3. exd5 cxd5 4. Bd3 Nc6 5. c3 Qc7 6. Ne2 Bg4 7. Qb3 Bxe2 8.
Kxe2 e6 9. Be3 Nf6 10. Nd2 Bd6 11. g3 O-O 12. f4 Rac8 13. Rae1 Na5 14. Qd1 Nc4
15. Nxc4 dxc4 16. Bb1 b5 17. Kf2 b4 18. Rhf1 bxc3 19. bxc3 Qa5 20. Bd2 Rb8 21.
Kg1 g6 22. g4 Rb2 23. f5 exf5 24. gxf5 Qd5 25. fxg6 fxg6 26. Re2 Qh5 27. Ref2
Qh3 28. Rg2 Rf7 29. Bf5 Qxg2+ 30. Kxg2 gxf5 31. Kh1 Ne4 32. Bf4 Bxf4 33. Rxf4
Nf2+ 34. Rxf2 Rxf2 35. Qg1+ 1-0

[Event "Reykjavik Open 2018"]
[Site "Reykjavik ISL"]
[Date "2018.03.07"]
[Round "3.55"]
[White "Bergsson, Stefan"]
[Black "Sigurdsson, Birkir Karl"]
[Result "1-0"]
[WhiteElo "2201"]
[BlackElo "1928"]
[WhiteFideId "2301393"]
[BlackFideId "2304180"]
[EventDate "2018.03.06"]

1. d4 Nf6 2. Nf3 e6 3. Bg5 b6 4. Nbd2 Bb7 5. e3 Be7 6. Bd3 O-O 7. O-O d6 8. c4
Nbd7 9. e4 h6 10. Be3 c5 11. d5 exd5 12. exd5 b5 13. b3 Ng4 14. Bf4 Re8 15. Ne4
Nge5 16. Nxe5 dxe5 17. Bc1 f5 18. Ng3 e4 19. Bc2 Bf6 20. Rb1 bxc4 21. Nxf5 Ne5
22. bxc4 Ba6 23. Re1 Bxc4 24. Bxe4 Nd3 25. Qg4 Nxe1 26. Rb7 Re7 27. Rxe7 Bxd5
28. Rxg7+ Kf8 29. Bxh6 Bxg7 30. Qxg7+ Ke8 1-0

[Event "Reykjavik Open 2018"]
[Site "Reykjavik ISL"]
[Date "2018.03.07"]
[Round "3.56"]
[White "Laustsen, Lars"]
[Black "Valtysson, Thor"]
[Result "1-0"]
[WhiteElo "2201"]
[BlackElo "1922"]
[WhiteFideId "1407554"]
[BlackFideId "2301903"]
[EventDate "2018.03.06"]

1. d4 d5 2. c4 c6 3. Nf3 Nf6 4. e3 e6 5. b3 Nbd7 6. Bb2 Be7 7. Bd3 O-O 8. O-O b6
9. Nc3 Bb7 10. Qe2 c5 11. cxd5 Nxd5 12. Nxd5 exd5 13. Rfd1 Bf6 14. Rac1 Re8 15.
Bf5 cxd4 16. Nxd4 Nc5 17. b4 Ne4 18. Qc2 g6 19. Bxe4 Rxe4 20. a3 Rc8 21. Qa4 a6
22. Rxc8 Qxc8 23. Rc1 Qe8 24. Qc2 Bg7 25. Qc7 Rxe3 26. fxe3 Qxe3+ 27. Kh1 Be5
28. Qxb7 1-0

[Event "Reykjavik Open 2018"]
[Site "Reykjavik ISL"]
[Date "2018.03.07"]
[Round "3.57"]
[White "Pein, Jonathan"]
[Black "Fivelstad, Jon Olav"]
[Result "1/2-1/2"]
[WhiteElo "2184"]
[BlackElo "1916"]
[WhiteFideId "417092"]
[BlackFideId "1510339"]
[EventDate "2018.03.06"]

1. e4 d6 2. d4 Nf6 3. Nc3 g6 4. Nf3 Bg7 5. h3 O-O 6. Be3 c6 7. a4 Qc7 8. Be2
Nbd7 9. a5 e5 10. dxe5 dxe5 11. Bc4 b5 12. axb6 Nxb6 13. Bb3 Rd8 14. Qe2 a5 15.
Bxb6 Qxb6 16. Nxe5 Ra7 17. Qc4 Re8 18. Qxc6 Qxc6 19. Nxc6 Rc7 20. Nxa5 Nxe4 21.
O-O Nxc3 22. bxc3 Bxc3 23. Ra2 Be6 24. Bxe6 Rxe6 25. Nb3 Re2 26. Nc1 Rd2 27. Nd3
Re7 28. Ra8+ Kg7 29. Rc8 Bd4 30. Rc4 Ba7 1/2-1/2

[Event "Reykjavik Open 2018"]
[Site "Reykjavik ISL"]
[Date "2018.03.07"]
[Round "3.58"]
[White "Briem, Stephan"]
[Black "Loftsson, Hrafn"]
[Result "1/2-1/2"]
[WhiteElo "1841"]
[BlackElo "2169"]
[WhiteFideId "2312506"]
[BlackFideId "2300729"]
[EventDate "2018.03.06"]

1. Nf3 c5 2. b3 Nf6 3. Bb2 e6 4. e3 b6 5. d4 Bb7 6. Bd3 Be7 7. Nbd2 Nc6 8. c4
O-O 9. O-O d6 10. Qe2 Nb4 11. Bb1 Rc8 12. a3 Nc6 13. Rd1 cxd4 14. exd4 d5 15.
Bd3 Bd6 16. Rac1 Qe7 17. b4 dxc4 18. Nxc4 Rfd8 19. Nfe5 Nb8 20. Ne3 Nbd7 21. Ba6
Nb8 22. Bd3 Rxc1 23. Rxc1 Rc8 24. Rxc8+ Bxc8 25. Qc2 Qc7 26. Qxc7 Bxc7 27. N3c4
Bb7 28. a4 Ne4 29. b5 f6 30. Ng4 Nd7 1/2-1/2

[Event "Reykjavik Open 2018"]
[Site "Reykjavik ISL"]
[Date "2018.03.07"]
[Round "3.59"]
[White "Fridjonsson, Julius"]
[Black "Arvidsson, Jonas"]
[Result "1-0"]
[WhiteElo "2167"]
[BlackElo "1913"]
[WhiteFideId "2300842"]
[BlackFideId "1717839"]
[EventDate "2018.03.06"]

1. c4 e5 2. Nc3 Nf6 3. Nf3 Nc6 4. g3 d5 5. cxd5 Nxd5 6. Bg2 Be6 7. O-O Be7 8. d4
exd4 9. Nxd4 Nxc3 10. bxc3 Nxd4 11. cxd4 c6 12. Rb1 Qd7 13. Qa4 O-O 14. Rd1 b5
15. Qa6 Rac8 16. e4 Bc4 17. Be3 Rfd8 18. Rd2 Qc7 19. a4 Rd6 20. Bf4 Qd7 21. Bxd6
Bxd6 22. e5 Be7 23. d5 cxd5 24. Bxd5 Qf5 25. Rbd1 Bb4 26. Be4 Qh3 27. Rd8+ Rxd8
28. Rxd8+ Bf8 29. Rxf8+ Kxf8 30. Qd6+ 1-0

[Event "Reykjavik Open 2018"]
[Site "Reykjavik ISL"]
[Date "2018.03.07"]
[Round "3.60"]
[White "Ingebretsen, Jens E"]
[Black "Marshall, Michael"]
[Result "1-0"]
[WhiteElo "2132"]
[BlackElo "1890"]
[WhiteFideId "1522965"]
[BlackFideId "1409956"]
[EventDate "2018.03.06"]

1. e4 e5 2. Nf3 Nf6 3. Nc3 Bb4 4. Nxe5 d6 5. Nf3 Bxc3 6. dxc3 Nxe4 7. Qd4 O-O 8.
Bd3 Nc6 9. Qa4 d5 10. Be3 Bf5 11. O-O-O Bg6 12. h4 a6 13. h5 b5 14. Qa3 Bf5 15.
g4 Bd7 16. Bxe4 dxe4 17. Ng5 Qc8 18. h6 g6 19. Qc5 Re8 20. Qd5 Ne5 21. Bf4 c6
22. Qd6 Nxg4 23. Qxd7 Qxd7 24. Rxd7 Nxf2 25. Rxf7 Nxh1 26. Rg7+ Kf8 27. Nxh7# 1-0

[Event "Reykjavik Open 2018"]
[Site "Reykjavik ISL"]
[Date "2018.03.07"]
[Round "3.61"]
[White "Kvamme, John A"]
[Black "Davidsson, Oskar Vikingur"]
[Result "0-1"]
[WhiteElo "2108"]
[BlackElo "1882"]
[WhiteFideId "1500562"]
[BlackFideId "2310627"]
[EventDate "2018.03.06"]

1. g3 d5 2. Nf3 Nf6 3. Bg2 c6 4. O-O Bg4 5. d3 Nbd7 6. Nbd2 e5 7. h3 Bh5 8. e4
dxe4 9. dxe4 Bc5 10. Qe2 O-O 11. Nb3 Bb6 12. a4 a5 13. Be3 Qe7 14. Rfd1 Rfe8 15.
g4 Bg6 16. g5 Nxe4 17. Rxd7 Qxd7 18. Bxb6 Qe7 19. Be3 Bh5 20. h4 Nd6 21. Bc5 e4
22. Bxd6 Qxd6 23. Qd2 Qc7 24. Nfd4 Rad8 25. Qe3 Qe5 26. Re1 c5 27. Nb5 Qxb2 28.
Nxc5 Qxc2 29. Bxe4 Rd1 30. Bxc2 Rxe1+ 31. Qxe1 Rxe1+ 32. Kg2 Rc1 33. Nd4 Bd1 34.
Ncb3 Rxc2 35. Nxc2 Bxc2 36. Nxa5 Bxa4 37. Kf3 Kf8 38. Ke4 Bc6+ 39. Ke5 Ke7 40.
Kd4 Ke6 41. Nc4 Kf5 42. Nd6+ Kg6 43. f4 f6 44. Nc4 Kh5 45. Ne3 Bd7 46. Kd5 Kxh4
47. Kd6 fxg5 0-1

[Event "Reykjavik Open 2018"]
[Site "Reykjavik ISL"]
[Date "2018.03.07"]
[Round "3.62"]
[White "Bjarnason, Olafur"]
[Black "Grant, David J"]
[Result "0-1"]
[WhiteElo "1826"]
[BlackElo "2068"]
[WhiteFideId "2316501"]
[BlackFideId "403717"]
[EventDate "2018.03.06"]

1. Nf3 Nf6 2. c4 g6 3. Nc3 Bg7 4. d4 O-O 5. h3 d5 6. Bf4 c5 7. e3 Nc6 8. cxd5
Nxd5 9. Nxd5 Qxd5 10. Qa4 cxd4 11. exd4 Nxd4 12. Nxd4 Bxd4 13. Rd1 Qe4+ 0-1

[Event "Reykjavik Open 2018"]
[Site "Reykjavik ISL"]
[Date "2018.03.07"]
[Round "3.63"]
[White "Jonsson, Olafur Gisli"]
[Black "Yu, Henry"]
[Result "1-0"]
[WhiteElo "1822"]
[BlackElo "2051"]
[WhiteFideId "2302705"]
[BlackFideId "30942683"]
[EventDate "2018.03.06"]

1. e4 e5 2. Nf3 Nc6 3. Bc4 Nf6 4. d3 Bc5 5. c3 O-O 6. Nbd2 d5 7. exd5 Nxd5 8.
Ne4 Be7 9. O-O Kh8 10. Re1 f6 11. Bb3 g5 12. d4 f5 13. Nexg5 e4 14. Nxh7 Kxh7
15. Ne5 Kg7 16. Qh5 Nxe5 17. Bh6+ Kf6 18. dxe5+ Kxe5 19. Rad1 c6 20. Rxe4+ Kd6
21. Bf4+ Kd7 22. Rxd5+ cxd5 23. Ba4+ b5 24. Bxb5# 1-0

[Event "Reykjavik Open 2018"]
[Site "Reykjavik ISL"]
[Date "2018.03.07"]
[Round "3.64"]
[White "Diaz, Franck"]
[Black "Alderson, John K A"]
[Result "1-0"]
[WhiteElo "2050"]
[BlackElo "1824"]
[WhiteFideId "639125"]
[BlackFideId "422711"]
[EventDate "2018.03.06"]

1. e4 e6 2. d4 d5 3. Nc3 Nf6 4. e5 Nfd7 5. Qg4 h5 6. Qg3 g6 7. Bg5 Be7 8. Nf3 a6
9. O-O-O c5 10. dxc5 Bxg5+ 11. Nxg5 Nc6 12. f4 Qe7 13. Be2 Nxc5 14. Bf3 Bd7 15.
Bxd5 O-O-O 16. Bf3 h4 17. Qe1 Kb8 18. Nge4 Na7 19. Nd6 Bc6 20. Bxc6 Nxc6 21. Qe3
Nd7 22. Rhe1 g5 23. g3 hxg3 24. hxg3 Rh3 25. Qf2 Rdh8 26. fxg5 Qxg5+ 27. Qf4
Qxf4+ 28. gxf4 R3h7 29. Nce4 Rg8 30. Nc4 Rd8 31. Ng5 Rg7 32. Rg1 b5 33. Nd6 Rf8
34. c3 Ka7 35. Nxb5+ axb5 36. Rxd7+ Kb6 37. Rgd1 Nxe5 38. fxe5 Rxg5 39. R1d6+
Kc5 40. Rc7# 1-0

[Event "Reykjavik Open 2018"]
[Site "Reykjavik ISL"]
[Date "2018.03.07"]
[Round "3.65"]
[White "Carlsen, Henrik"]
[Black "Hansen, Ib Lynaes"]
[Result "1-0"]
[WhiteElo "2031"]
[BlackElo "1822"]
[WhiteFideId "1502832"]
[BlackFideId "1407511"]
[EventDate "2018.03.06"]

1. d4 Nf6 2. g3 g6 3. Bg2 d5 4. Nf3 Bg7 5. O-O O-O 6. c4 c6 7. Nc3 Nbd7 8. cxd5
Nxd5 9. e4 Nc7 10. Be3 Nf6 11. h3 a5 12. Qd2 b5 13. Ne5 Ra6 14. Rfd1 c5 15. Qe2
c4 16. f4 Bb7 17. d5 Qa8 18. a4 b4 19. Nb5 Rc8 20. Nxc4 Qb8 21. Rac1 Nxb5 22.
axb5 Ra8 23. Nb6 Nh5 24. Qf2 Rd8 25. Nxa8 Qxa8 26. Bd4 Nf6 27. Rc7 e6 28. Bxf6
Bxf6 29. e5 Bg7 30. d6 Bxg2 31. Qxg2 Qb8 32. Qb7 Qxb7 33. Rxb7 f6 34. Rxg7+ Kxg7
35. Ra1 fxe5 36. fxe5 Ra8 37. b3 Kf7 38. Kf2 Ke8 39. Ke3 Rc8 40. Rxa5 Rc3+ 41.
Kd4 Rxb3 42. b6 1-0

[Event "Reykjavik Open 2018"]
[Site "Reykjavik ISL"]
[Date "2018.03.07"]
[Round "3.66"]
[White "Velez Romero, Juan Luis"]
[Black "Halldorsson, Hjorleifur"]
[Result "1/2-1/2"]
[WhiteElo "1981"]
[BlackElo "1792"]
[WhiteFideId "2273187"]
[BlackFideId "2303647"]
[EventDate "2018.03.06"]

1. d4 Nf6 2. Nf3 d5 3. e3 c6 4. Bd3 e6 5. Nbd2 Nbd7 6. b3 Bd6 7. Bb2 Qe7 8. Ne5
Ba3 9. Bxa3 Qxa3 10. O-O Qd6 11. f4 g6 12. Qf3 Ng8 13. Qh3 Nf8 14. g4 f5 15.
Ndf3 Nd7 16. Rf2 Ngf6 17. Rg2 Nf8 18. gxf5 exf5 19. Nxg6 Nxg6 20. Rxg6 hxg6 21.
Qxh8+ Qf8 22. Qxf8+ Kxf8 23. Ne5 Kg7 24. h3 Be6 25. Kh2 Ng8 26. Rg1 Ne7 27. Nf3
Kf6 28. Be2 Rh8 29. Rg3 Bf7 30. Ne5 Be6 31. Rg5 Bc8 32. Kg3 Be6 33. Kh2 Bc8 34.
Rg1 Be6 35. c4 Rg8 36. Rg5 Rh8 37. Rg1 Rg8 38. Nf3 Rh8 39. c5 Re8 40. b4 Rd8 41.
Rb1 a6 42. h4 Rh8 43. Kg3 Bd7 44. Ne5 Be6 45. a3 Rg8 46. Ra1 Rh8 47. a4 Ra8 48.
Nd3 Bd7 49. a5 Re8 50. Ne5 Be6 51. Rh1 Rh8 52. Nf3 Bf7 53. Nd2 Nc8 54. Kg2 Ne7
55. Nf1 Nc8 56. Ng3 Ne7 57. Nf1 Nc8 58. Bd3 Ne7 59. Nd2 Nc8 60. Nf3 Ne7 61. Ne5
Be8 62. Be2 Nc8 63. Bf3 Ne7 64. Kg3 Nc8 65. b5 axb5 66. a6 bxa6 67. Ra1 Rh7 68.
Rxa6 Ra7 69. Rxa7 1/2-1/2

[Event "Reykjavik Open 2018"]
[Site "Reykjavik ISL"]
[Date "2018.03.07"]
[Round "3.67"]
[White "Zhou, Aiden"]
[Black "Holm, Fridgeir K"]
[Result "1-0"]
[WhiteElo "1977"]
[BlackElo "1746"]
[WhiteFideId "2618826"]
[BlackFideId "2307324"]
[EventDate "2018.03.06"]

1. d4 Nf6 2. c4 e6 3. g3 Be7 4. Bg2 d5 5. Nf3 O-O 6. O-O b6 7. Ne5 Bb7 8. Nc3 c6
9. e4 c5 10. exd5 exd5 11. dxc5 Qc7 12. c6 Nxc6 13. Nxc6 Bxc6 14. cxd5 Rad8 15.
Qb3 Bd7 16. Bf4 Bd6 17. Bg5 Be5 18. Rac1 Qb8 19. Rfd1 a6 20. f4 Bxc3 21. Qxc3
Rc8 22. Qe5 Ng4 23. Qxb8 Rxb8 24. Rc7 Bb5 25. Be7 Rfe8 26. d6 Ne3 27. Re1 Nxg2
28. Kxg2 Rbd8 29. Rec1 Rd7 30. Rc8 Rxe7 31. dxe7 f6 32. Rxe8+ Bxe8 33. Rc7 Kf7
34. f5 a5 35. Kf3 a4 36. Ke4 b5 37. Kd5 h5 38. Kd6 1-0

[Event "Reykjavik Open 2018"]
[Site "Reykjavik ISL"]
[Date "2018.03.07"]
[Round "3.68"]
[White "Karlsson, Isak Orri"]
[Black "Mai, Aron Thor"]
[Result "0-1"]
[WhiteElo "1288"]
[BlackElo "1975"]
[WhiteFideId "2312530"]
[BlackFideId "2313383"]
[EventDate "2018.03.06"]

1. d4 Nf6 2. c4 g6 3. Nc3 Bg7 4. e4 d6 5. Nf3 O-O 6. Bd3 Bg4 7. h3 Bxf3 8. Qxf3
Nc6 9. Be3 Nd7 10. Ne2 e5 11. d5 Nd4 12. Nxd4 exd4 13. Bd2 f5 14. O-O f4 15. Qd1
f3 16. g3 Ne5 17. Qc2 h5 18. Rfd1 h4 19. g4 Nxg4 20. hxg4 Qd7 21. Kh1 Qxg4 22.
Bf1 h3 23. Bxh3 Qxh3+ 24. Kg1 Qg2# 0-1